\

كيف تكتب بحثا علميا / (Record no. 19628)

MARC details
000 -LEADER
fixed length control field 00612cam a2200193 a 4500
001 - CONTROL NUMBER
control field a5075
003 - CONTROL NUMBER IDENTIFIER
control field SIRSI
008 - FIXED-LENGTH DATA ELEMENTS--GENERAL INFORMATION
fixed length control field 130101s2012 ua gr 000 0 ara d
020 ## - INTERNATIONAL STANDARD BOOK NUMBER
International Standard Book Number 9789773991938
035 ## - SYSTEM CONTROL NUMBER
System control number (Sirsi) a5015
050 #4 - LIBRARY OF CONGRESS CALL NUMBER
Classification number T11
Item number .D34 2012
100 1# - MAIN ENTRY--PERSONAL NAME
Personal name دحروج، محمد.
245 10 - TITLE STATEMENT
Title كيف تكتب بحثا علميا /
Statement of responsibility, etc. محمد دحروج.
250 ## - EDITION STATEMENT
Edition statement ط. 1.
260 ## - PUBLICATION, DISTRIBUTION, ETC.
Place of publication, distribution, etc. الجيزة :
Name of publisher, distributor, etc. أطلس للنشر و الإنتاج الإعلامي،
Date of publication, distribution, etc. 2012.
300 ## - PHYSICAL DESCRIPTION
Extent 96 ص. ؛
Dimensions 24 سم.
490 0# - SERIES STATEMENT
Series statement مكتبة أطلس للغة العربية
650 #4 - SUBJECT ADDED ENTRY--TOPICAL TERM
Topical term or geographic name entry element الكتابة العلمية.
Holdings
Withdrawn status Lost status Source of classification or shelving scheme Damaged status Not for loan Collection Home library Current library Shelving location Total checkouts Full call number Barcode Date last seen Copy number Price effective from Koha item type
    Library of Congress Classification     College of Media and Mass Communication (CMMC) MAIN MAIN General   T11 .D34 2012 10057391 03/13/2021 1 11/19/2019 Books